| 000 | 00378nam a22001697a 4500 | ||
|---|---|---|---|
| 005 | 20160627110649.0 | ||
| 008 | 160627b xxu||||| |||| 00| 0 eng d | ||
| 020 | _a81-291-1137-3 | ||
| 041 | _aeng | ||
| 082 | _b10423 | ||
| 100 |
_aBiyar Cishore _92881 |
||
| 245 | _aIt Happened in India | ||
| 260 |
_bRupa _c2008 |
||
| 300 | _a263 | ||
| 650 |
_aManagement _9241 |
||
| 942 | _cBK | ||
| 999 |
_c4176 _d4175 |
||